How AI contributes in affordability and sustainability in Budapest tourism

Bibliográfiai részletek
Szerző: Bögre Boglárka
További közreműködők: Kummitha Harshavardhan Reddy
Dokumentumtípus: Diplomadolgozat
Kulcsszavak:BKV
Budapest
social responsibility
sustainability
sustainable development
Online Access:http://dolgozattar.uni-bge.hu/59906

MARC

LEADER 00000nta a2200000 i 4500
001 dolg59906
005 20260409145728.0
008 260409suuuu hu om 000 eng d
040 |a BGE Dolgozattár Repozitórium  |b hun 
041 |a en 
100 1 |a Bögre Boglárka 
245 1 0 |a How AI contributes in affordability and sustainability in Budapest tourism  |c Bögre Boglárka  |h [elektronikus dokumentum] 
520 3 |a The thesis submitted above is meant to examine the Role of Artificial Intelligence in Budapest tourism. Especially from 2 main aspect which are the following: sustainability and affordability. Througout the thesis several issues of overtourism will be discussed and application will be presented as their most likely solution such as BudapestGO for crowdtracking and management and Lightstay application to use for hotels to track their carbonfoot prints. After examining these angles the research involved a small questionare for tourist how they feel about Artificial Intellingence during their stay in Budapest, and interviews with Hilton Budapest employees what is their experience with artificial intelligence and sustainability and also affordability aspect of their work. 
695 |a BKV 
695 |a Budapest 
695 |a social responsibility 
695 |a sustainability 
695 |a sustainable development 
700 1 |a Kummitha Harshavardhan Reddy  |e ths 
856 4 0 |u http://dolgozattar.uni-bge.hu/59906/1/B%C3%B6gre%20Bogl%C3%A1rka-D7VMCY-Thesis-corrected%20file.pdf  |z Dokumentum-elérés 
856 4 0 |u http://dolgozattar.uni-bge.hu/59906/2/Thesis%20Assessment_BSc_2025_Bogre_Boglarka_HV.pdf  |z Dokumentum-elérés 
856 4 0 |u http://dolgozattar.uni-bge.hu/59906/3/Thesis%20Assessment%20Sheet_BSc_Bogi.pdf  |z Dokumentum-elérés